000 00261nam a2200109Ia 4500
008 190912s9999||||xx |||||||||||||| ||und||
100 _ajackson,peter
245 0 _aIntroduction to Expert Systems
260 _aUSA
_bMcGraw-Hill
_c2000
300 _a542
942 _cBK
999 _c7423
_d7423